000 00664cam a2200253 4500
001 D15378
008 090401t1965 xxu||||| |||| 00| 0 eng d
035 _a(Sirsi) u22338
041 _aeng
050 _a333.0076
090 _aRICS 1965/37A
110 _aChartered Auctioneers
_91039
245 _aExamination questions: preliminary.
260 _aLondon
_bCAEAT
_c1965
300 _a(27)p. ; 21cm.
350 _a0
520 _aFiled in box 1965/37 AB
650 _aEXAMINATIONS
650 _aRICS
690 _aMANAGEMENT-BUSINESS MANAGEMENT-PROFESSIONAL PRACTICE
710 _aEstate Agents Institute
_91038
942 _n0
948 _c04/03/1997
999 _c88170
_d88170